| 000 | 00323 a2200097 4500 | ||
|---|---|---|---|
| 082 | _a363.125 GHE | ||
| 100 | _aGhee, Caroline | ||
| 245 |
_aSocio economic aspects of road accidents in developing countries / _cCaroline Ghee...[et al] |
||
| 260 |
_aEngland : _bTransport Research Laboratory, _c1997 |
||
| 300 |
_a29p. ; _bill. ; _c30 cm |
||
| 650 | _aRoad Safety | ||
| 999 |
_c2296 _d2296 |
||